[Event "Cappelle Online Blitz op 1st"]
[Site "Europe Echecs INT"]
[Date "2021.01.10"]
[Round "2"]
[White "Baudouin, Moise"]
[Black "Cousin, Fabien"]
[Result "0-1"]
[WhiteElo "1205"]
[BlackElo "1681"]
[PlyCount "97"]
[EventDate "2021.01.10"]
[EventType "swiss (blitz)"]
[EventRounds "11"]
[EventCountry "FRA"]
[SourceTitle "CBM 200 Extra"]
[Source "ChessBase"]
[SourceDate "2021.03.31"]
[SourceVersion "1"]
[SourceVersionDate "2021.03.31"]
[SourceQuality "1"]

1. c4 d6 2. Nc3 c6 3. e3 e5 4. d4 f6 5. Nf3 Bg4 6. Be2 Qc7 7. 0-0 Nh6 8. Qb3 Nf7 9. d5 Be7 10. dxc6 bxc6 11. h3 Bh5 12. g4 Bg6 13. e4 Nd7 14. Be3 Rb8 15. Qa3 Nb6 16. c5 Nc8 17. Rab1 d5 18. exd5 cxd5 19. Nxd5 Qc6 20. Nb4 Rxb4 21. Qxb4 Bxb1 22. Bb5 Be4 23. Bxc6+ Bxc6 24. Qb8 0-0 25. Qc7 Bxf3 26. Qxe7 Nxe7 27. Rc1 g6 28. b4 Rb8 29. a3 Nd5 30. c6 Nxe3 31. fxe3 Rc8 32. b5 Nd6 33. a4 Ne4 34. a5 Nd2 35. c7 Bb7 36. b6 axb6 37. axb6 Nb3 38. Rd1 Kf7 39. Rd8 Ke6 40. Kf2 Na5 41. Re8+ Kf7 42. Rd8 Nc4 43. Ke2 Nxb6 44. Rxc8 Bxc8 45. Kd3 Ke7 46. Kc3 Kd7 47. Kb4 Kxc7 48. Kb5 Nd5 49. Kc5 0-1

[Event "Cappelle Online Blitz op 1st"]
[Site "Europe Echecs INT"]
[Date "2021.01.10"]
[Round "5"]
[White "Cousin, Fabien"]
[Black "Mekhane, Adam"]
[Result "0-1"]
[WhiteElo "1681"]
[BlackElo "1981"]
[PlyCount "120"]
[EventDate "2021.01.10"]
[EventType "swiss (blitz)"]
[EventRounds "11"]
[EventCountry "FRA"]
[SourceTitle "CBM 200 Extra"]
[Source "ChessBase"]
[SourceDate "2021.03.31"]
[SourceVersion "1"]
[SourceVersionDate "2021.03.31"]
[SourceQuality "1"]

1. g4 d5 2. Bg2 Bxg4 3. c4 e6 4. Qb3 Qc8 5. cxd5 c6 6. e4 Nf6 7. Nc3 Bc5 8. Nge2 0-0 9. d4 Bb6 10. Bg5 Nbd7 11. h3 Bxe2 12. Nxe2 cxd5 13. exd5 Nxd5 14. Bxd5 exd5 15. Qxd5 Qe8 16. Rg1 Kh8 17. Be3 Nf6 18. Qg5 Rg8 19. Ng3 Bxd4 20. Nh5 Nxh5 21. Qxh5 Bxe3 22. fxe3 Qxe3+ 23. Kf1 Rae8 24. Rg2 Re6 25. Re2 Rf6+ 26. Kg2 Rg6+ 27. Kh2 Qg3+ 28. Kh1 Qg5 29. Qf3 Rh6 30. Rh2 Qh5 31. Qxb7 Qf5 32. Rg1 Rxh3 33. Qxa7 Qf3+ 34. Rgg2 Qf1+ 35. Rg1 Rxh2+ 36. Kxh2 Qf4+ 37. Kg2 Re8 38. Rf1 Re2+ 39. Rf2 Qg4+ 40. Kf1 Rxf2+ 41. Kxf2 Qf5+ 42. Kg2 Qg5+ 43. Kf2 Qf6+ 44. Kg2 Qxb2+ 45. Kg3 Qe5+ 46. Kg2 Qg5+ 47. Kf2 Qf5+ 48. Kg2 h5 49. Qb8+ Kh7 50. a4 Qg4+ 51. Kh2 Qxa4 52. Qb1+ g6 53. Qf1 Qh4+ 54. Kg2 Qg4+ 55. Kh2 Qf5 56. Qd1 Qf4+ 57. Kh1 h4 58. Qd8 h3 59. Qf8 Qf3+ 60. Kg1 Qg2# 0-1